|
|
|
|
| LEADER |
00000nab a2200000 a 4500 |
| 001 |
vtls000383747 |
| 003 |
SK-MaSNL |
| 005 |
20260302222640.0 |
| 008 |
220422c1990 xo 0 slo |
| 015 |
|
|
|a SNBRB19rr/mm-uuuuu
|
| 035 |
|
|
|a CL0383869
|
| 040 |
|
|
|a SNKBUCL
|b slo
|c SNKBUCL
|e AACR2
|
| 041 |
0 |
|
|a slo
|
| 044 |
|
|
|a xo
|c SK
|
| 080 |
|
|
|a 178.1/.8
|2 1981
|
| 080 |
|
|
|a 613.81/.84
|2 1981
|
| 100 |
1 |
|
|a Špačková, Z.
|4 aut
|9 951001
|
| 245 |
1 |
0 |
|a Ostrovy bezpečia
|c Z. Špačková
|
| 300 |
|
|
|b Obr.1.
|
| 650 |
0 |
7 |
|a narkománia
|2 snkbucl
|9 2450
|
| 651 |
|
7 |
|a 5100
|2 snkbucl
|9 166206
|
| 655 |
|
7 |
|a články z novín a časopisov
|2 snkbucl
|9 267496
|
| 773 |
0 |
|
|t Bratislava 90
|g Roč. 17, č. 6 (1990), s. 12-13
|
| 850 |
|
|
|a Slovenská národná knižnica v Martine
|a MTA001
|
| 852 |
|
|
|a SNK
|b KIS3GCP
|
| 958 |
|
|
|a RK
|
| 958 |
|
|
|a ME
|
| 992 |
|
|
|a RBX
|
| 999 |
|
|
|c 1517708
|d 1519638
|